Влада та соціум гетьманату: дослідження з політичної і соціальної історії ранньомодерної України (Запис № 346886)

МАРК-запис
000 -Лідер
fixed length control field 02115nam a22002657a 4500
001 - Контрольний номер
control field 60918
003 - Ідентифікатор контрольного номера
control field UA-OsUOA
005 - Дата та час останнього входження (трансакції)
control field 20230504161302.0
007 - Фіксоване поле фізичного опису
fixed length control field ta
008 - Елементи даних фіксованої довжини – загальна інформація
fixed length control field 20090611b un ||||| |||| 00| 0 ukr d
020 ## - Міжнародний стандартний книжковий номер (ISBN)
Міжнародний стандартний книжковий номер (ISBN) (НП) 978-966-02-5007-9
040 ## - Джерело каталогізації
Агенція оригінальної каталогізації UA-OsUOA
Мова каталогізації ukr
Агенція, яка здійснювала перезапис UA-OsUOA
Агенція, яка здійснювала модифікацію UA-OsUOA
041 ## - Код мови
Код мови тексту/ звукової доріжки чи окремого заголовка (П) ukr
080 ## - Індекс Універсальної десяткової класифікації
Індекс Універсальної десяткової класифікації (УДК) (НП) 94(477).04:323.2
090 ## - Локальний шифр розміщення
Класифікаційний індекс УДК 94(477).04:323.2
Авторський знак (НП) Г70
100 ## - Основне введення – ім’я особи
Ім’я особи (НП) Горобець В.
245 ## - Відомості про назву
Назва (НП) Влада та соціум гетьманату: дослідження з політичної і соціальної історії ранньомодерної України
260 ## - Публікація, розповсюдження і т.п. (Вихідні дані)
Місце публікації, розповсюдження і т.п. (П) К.
Дата публікації, розповсюдження і т.п. (П) 2009
300 ## - Фізичний опис
Обсяг 271 с.
520 ## - Резюме і т.п.
Резюме, реферат, анотація, тощо (НП) У монографії досліджуються різноманітні аспекти соціальної та політичної організації козацької України. Реконструюється інституційна модель організації влади Гетьманату, з’ясовуються механізми функціонування її окремих елементів на центральному і місцевому рівнях, відтворюється персональний склад козаць­кої адміністрації та простежуються шляхи службового зростання старшин. Ак­центована увага звертається на судочинство Гетьманату, аналіз якого в антропо­логічному вимірі допомагає відтворити способи реалізації владних повноважень козацьких старшин у цій сфері, а також з’ясувати матеріальну вигоду суддів від судового і позасудового полагодження конфліктів.
650 #7 - Додаткове предметне введення – тематичний термін
Тематичний термін чи географічна назва, як елемент введення (НП) 9 Географія. Біографії. Історія
Джерело заголовка чи терміна UDC
942 ## - Додаткові елементи входу (Коха)
Тип елемента Koha Книги
Source of classification or shelving scheme Universal Decimal Classification
955 ## - Код типу видання за змістом
Код типу видання за змістом (НП) Навчальні видання
Фонди
Стан вилучень Стан втрат Джерело класифікації або схеми стелажів Стан уражень Не для кредиту Постійне місце розташування Поточне розміщення Дата придбання Джерело придбання Вартість, звичайна ціна покупки Інвентарний номер Усього замовленно Повний номер виклику Штрих-код Дата останнього перегляду Ціна ефективна від Тип елемента Koha
    Universal Decimal Classification     ЧЗ - Читальна зала ЧЗ - Читальна зала 11/06/2009 93/2009 20.00 121424   94(477).04:323.2 Г70 121424 07/02/2022 11/06/2009 Книги